Rational Functions Vocabulary quiz - Statistics

General Stats
  • This quiz has been taken 3 times
  • The average score is 3 of 5
Answer Stats
Hint Term % Correct
A removable factor in the denominator Hole
100%
Its equation is y=0 when the degree in the denominator is greater then its degree in the numerator. Horizontal Asymptote
67%
Any point where the graph is undefined. Point of Discontinuity
67%
A vertical line where the graph approaches but never touches Vertical Asymptote.
67%
When the difference between the degree on the numerator and the degree on the denominator is exactly 1. Slant Asymptote
33%
No matching quizzes found
Score Distribution
Percent of People with Each Score
Percentile by Number Answered
Your Score History
You have not taken this quiz